[Event "Hamburg-ch MB"]
[Site "Hamburg"]
[Date "2018.05.27"]
[Round "9"]
[White "Ertelt, Alf"]
[Black "Ristic, Sreten"]
[Result "1/2-1/2"]
[WhiteElo "1757"]
[BlackElo "1881"]
[PlyCount "146"]
[EventDate "2018.05.19"]
[EventType "swiss"]
[EventRounds "9"]
[EventCountry "GER"]
[SourceTitle "EXT 2020"]
[Source "ChessBase"]
[SourceDate "2019.10.17"]
[SourceVersion "1"]
[SourceVersionDate "2019.10.17"]
[SourceQuality "1"]

1. d4 e6 2. Bf4 d6 3. Nf3 Nd7 4. e3 Be7 5. Bd3 h6 6. c4 Ngf6 7. h3 b6 8. Nbd2 Bb7 9. e4 Nh5 10. Bh2 g5 11. Qc2 0-0 12. 0-0 Kh8 13. e5 Rg8 14. Be4 Bxe4 15. Nxe4 f5 16. exf6 Ndxf6 17. c5 bxc5 18. dxc5 Nxe4 19. Qxe4 e5 20. Rad1 Qf8 21. Qg4 Nf4 22. Bxf4 gxf4 23. Qe6 Qg7 24. Ne1 Rae8 25. Qd7 e4 26. Rd5 dxc5 27. Qxc7 f3 28. g3 Bd8 29. Qxg7+ Rxg7 30. Nc2 Bf6 31. b3 Rc7 32. Rfd1 c4 33. Rd6 cxb3 34. axb3 Be5 35. Rd8 Rxd8 36. Rxd8+ Kg7 37. Ne3 Rc3 38. Re8 Rc1+ 39. Kh2 Rc5 40. Re7+ Kf6 41. Rxa7 Bc3 42. Ra6+ Kf7 43. Ra4 Be1 44. Rxe4 Bxf2 45. Rf4+ Kg6 46. Rxf3 Be1 47. Nc4 Bb4 48. h4 h5 49. Kg2 Rd5 50. Kf1 Rd1+ 51. Ke2 Re1+ 52. Kd3 Re7 53. Kd4 Rd7+ 54. Ke5 Rd1 55. Ke6 Kg7 56. Rf5 Rd3 57. Rg5+ Kh6 58. Ne5 Rxb3 59. Nf7+ Kh7 60. Rxh5+ Kg7 61. Rg5+ Kh7 62. g4 Bf8 63. h5 Rb6+ 64. Kd7 Rb4 65. Ke8 Rb8+ 66. Nd8 Bg7 67. Rd5 Bf6 68. g5 Bxd8 69. Rxd8 Rb5 70. Rd7+ Kg8 71. g6 Rxh5 72. Rh7 Rxh7 73. gxh7+ Kxh7 1/2-1/2

[Event "Hamburg-ch MB"]
[Site "Hamburg"]
[Date "2018.05.22"]
[Round "4"]
[White "Christensen, Andreas"]
[Black "Ertelt, Alf"]
[Result "1-0"]
[WhiteElo "1808"]
[BlackElo "1757"]
[PlyCount "89"]
[EventDate "2018.05.19"]
[EventType "swiss"]
[EventRounds "9"]
[EventCountry "GER"]
[SourceTitle "EXT 2020"]
[Source "ChessBase"]
[SourceDate "2019.10.17"]
[SourceVersion "1"]
[SourceVersionDate "2019.10.17"]
[SourceQuality "1"]

1. e4 e6 2. d4 d5 3. Nd2 Be7 4. Ngf3 Nf6 5. e5 Nfd7 6. Bd3 c5 7. c3 Nc6 8. 0-0 h6 9. Re1 0-0 10. a3 Qb6 11. b4 c4 12. Bb1 a5 13. Qc2 f5 14. exf6 Nxf6 15. b5 Nd8 16. a4 Nf7 17. Ne5 Nh8 18. Ndf3 Qd8 19. Ng6 Nxg6 20. Qxg6 Qe8 21. Ne5 Qxg6 22. Nxg6 Re8 23. Nxe7+ Rxe7 24. Ba3 Kf7 25. Bg6+ Kxg6 26. Bxe7 Bd7 27. f3 b6 28. Bd6 Rc8 29. Re3 Kf7 30. Rae1 g6 31. Kf2 g5 32. Be5 Kg6 33. Ke2 Kf5 34. Kd2 h5 35. h4 Nh7 36. Rh1 Nf8 37. g4+ hxg4 38. fxg4+ Kxg4 39. Rg3+ Kh5 40. hxg5+ Kg6 41. Bd6 Nh7 42. Rh6+ Kg7 43. Be5+ Kg8 44. g6 Nf8 45. Rh8# 1-0

[Event "Hamburg CC Easter op 4th"]
[Site "Hamburg"]
[Date "2018.03.30"]
[Round "2"]
[White "Rodrigues, Afonso1"]
[Black "Ertelt, Alf"]
[Result "1-0"]
[WhiteElo "1539"]
[BlackElo "1784"]
[PlyCount "111"]
[EventDate "2018.03.30"]
[EventType "swiss"]
[EventRounds "7"]
[EventCountry "GER"]
[SourceTitle "CBM 183 Extra"]
[Source "ChessBase"]
[SourceDate "2018.04.19"]
[SourceVersion "1"]
[SourceVersionDate "2018.04.19"]
[SourceQuality "1"]

1. e4 e6 2. d4 d5 3. e5 c5 4. c3 Qb6 5. Nf3 Bd7 6. Bd3 Nc6 7. Bc2 cxd4 8. cxd4 Nb4 9. Ba4 Rc8 10. Bxd7+ Kxd7 11. Nc3 Qa6 12. Qe2 Qxe2+ 13. Kxe2 f6 14. Bd2 Nc6 15. Rac1 Nge7 16. Rhe1 Nf5 17. Be3 Bb4 18. g4 Nxe3 19. Kxe3 fxe5 20. Nxe5+ Nxe5 21. dxe5 Rhf8 22. Rf1 Rc4 23. f3 Rfc8 24. Ne2 Rc2 25. Rxc2 Rxc2 26. Rb1 g5 27. a3 Ba5 28. Kd3 Rc8 29. Rc1 Rf8 30. Rf1 Bc7 31. Kd4 b5 32. b4 Bb6+ 33. Kd3 Rc8 34. Rc1 Rc4 35. Rc3 h6 36. h3 a6 37. Rc1 a5 38. Rxc4 bxc4+ 39. Kc3 axb4+ 40. Kxb4 Kc6 41. a4 Be3 42. a5 Bd2+ 43. Ka3 Bxa5 44. f4 Bc7 45. Nd4+ Kd7 46. fxg5 hxg5 47. Nf3 Bd8 48. Kb4 Be7+ 49. Kc3 Kc6 50. Nd4+ Kb6 51. Nxe6 Ka5 52. Nd4 Bb4+ 53. Kc2 Ka4 54. e6 Bc5 55. Nc6 d4 56. Nxd4 1-0

[Event "Hamburg-ch cand"]
[Site "Hamburg"]
[Date "2016.05.14"]
[Round "1"]
[White "Schmuck, Martin"]
[Black "Ertelt, Alf"]
[Result "0-1"]
[WhiteElo "1931"]
[BlackElo "1781"]
[PlyCount "62"]
[EventDate "2016.05.14"]
[EventType "swiss"]
[EventRounds "9"]
[EventCountry "GER"]
[SourceTitle "EXT 2018"]
[Source "ChessBase"]
[SourceDate "2017.10.13"]
[SourceVersion "1"]
[SourceVersionDate "2017.10.13"]
[SourceQuality "1"]

1. e4 e6 2. d4 d5 3. Nd2 Be7 4. Ngf3 Nf6 5. e5 Nfd7 6. Be2 c5 7. c3 Nc6 8. 0-0 0-0 9. Re1 Qb6 10. Qb3 cxd4 11. Qxb6 Nxb6 12. cxd4 Bd7 13. a3 Rac8 14. b4 f6 15. exf6 Bxf6 16. Bb2 Na4 17. b5 Ne7 18. Rab1 Nxb2 19. Rxb2 b6 20. Nb3 Rc3 21. Rc1 Rfc8 22. Rxc3 Rxc3 23. a4 Ng6 24. g4 Nf4 25. Kf1 g5 26. Ke1 Rxf3 27. Bxf3 Nd3+ 28. Kd2 Nxb2 29. Be2 e5 30. dxe5 Bxe5 31. a5 Nc4+ 0-1

[Event "Hamburg-ch MB"]
[Site "Hamburg"]
[Date "2015.05.25"]
[Round "3"]
[White "Wrobel, Eduard"]
[Black "Ertelt, Alf"]
[Result "1-0"]
[WhiteElo "1734"]
[BlackElo "1815"]
[PlyCount "111"]
[EventDate "2015.05.23"]
[EventType "swiss"]
[EventRounds "9"]
[EventCountry "GER"]
[SourceTitle "EXT 2022"]
[Source "ChessBase"]
[SourceDate "2021.10.06"]
[SourceVersion "1"]
[SourceVersionDate "2021.10.06"]
[SourceQuality "1"]

1. e4 e6 2. d4 d5 3. Bd3 dxe4 4. Bxe4 Nf6 5. Bg5 c5 6. c3 cxd4 7. Bxf6 Qxf6 8. cxd4 Bb4+ 9. Nc3 0-0 10. Nf3 Rd8 11. 0-0 Nd7 12. a3 Ba5 13. Rc1 a6 14. b4 Bb6 15. Na4 Ba7 16. Qc2 Nf8 17. Nc5 Rb8 18. Rfd1 b6 19. Nd3 Bb7 20. Nde5 b5 21. Bxb7 Rxb7 22. Qe4 Rb6 23. Rc6 Rd5 24. Rc7 Bb8 25. Rxf7 Qh6 26. Rf4 Ng6 27. Nxg6 Qxg6 28. Qxg6 hxg6 29. Re4 Rc6 30. Kf1 Kf7 31. Rd3 Rc2 32. g3 Kf6 33. Rd2 Rc1+ 34. Ke2 Kf5 35. Ke3 g5 36. g4+ Kf6 37. Kd3 Ra1 38. Rc2 Rxa3+ 39. Ke2 Rb3 40. Rc6 Rd6 41. Rc8 Ba7 42. Rf8+ Ke7 43. Rg8 Kf6 44. h4 gxh4 45. g5+ Kf7 46. Rc8 Bb6 47. Ne5+ Ke7 48. Rf4 Rxd4 49. Nc6+ Kd7 50. Nxd4 Bxd4 51. Rh8 e5 52. Rf7+ Ke6 53. Rxg7 Rb2+ 54. Kd3 Rb3+ 55. Ke4 h3 56. Rh6# 1-0

[Event "Hamburg-ch A-Klasse"]
[Site "Hamburg"]
[Date "2013.05.23"]
[Round "6"]
[White "Ertelt, Alf"]
[Black "Hotze, Kurt"]
[Result "1-0"]
[WhiteElo "1631"]
[BlackElo "1718"]
[PlyCount "93"]
[EventDate "2013.05.18"]
[EventType "swiss"]
[EventRounds "9"]
[EventCountry "GER"]
[SourceTitle "EXT 2022"]
[Source "ChessBase"]
[SourceDate "2021.10.06"]
[SourceVersion "1"]
[SourceVersionDate "2021.10.06"]
[SourceQuality "1"]

1. d4 d5 2. c4 e6 3. Nc3 f5 4. cxd5 exd5 5. Bf4 Nf6 6. e3 Be7 7. Bd3 0-0 8. Nge2 c6 9. Qc2 Ne4 10. f3 Bb4 11. 0-0 Nxc3 12. bxc3 Bd6 13. Bxd6 Qxd6 14. e4 Qf6 15. e5 Qh6 16. f4 b6 17. Ng3 g6 18. Rf3 Be6 19. Qd2 Nd7 20. Nf1 c5 21. Rh3 Qg7 22. Rg3 Qf7 23. Be2 Kg7 24. h4 Rg8 25. a4 c4 26. h5 Kf8 27. h6 Ke7 28. Qb2 g5 29. Qb4+ Ke8 30. Rxg5 Rxg5 31. fxg5 Qg6 32. Qd6 Rd8 33. Bf3 Nb8 34. Qc7 Qxg5 35. Qxh7 Nc6 36. Qg7 Qxg7 37. hxg7 Kf7 38. Nd2 Rg8 39. Nxc4 Rxg7 40. a5 bxa5 41. Nxa5 Nxa5 42. Rxa5 Ke8 43. Kf2 Rc7 44. Ra3 Kd8 45. Ke3 Kc8 46. Kf4 Rg7 47. Ra6 1-0

[Event "Hamburg-ch A-Klasse"]
[Site "Hamburg"]
[Date "2013.05.21"]
[Round "4"]
[White "Ertelt, Alf"]
[Black "Kock, Rudolf"]
[Result "1-0"]
[WhiteElo "1631"]
[BlackElo "1673"]
[PlyCount "29"]
[EventDate "2013.05.18"]
[EventType "swiss"]
[EventRounds "9"]
[EventCountry "GER"]
[SourceTitle "EXT 2022"]
[Source "ChessBase"]
[SourceDate "2021.10.06"]
[SourceVersion "1"]
[SourceVersionDate "2021.10.06"]
[SourceQuality "1"]

1. d4 e6 2. c4 b6 3. e4 Bb7 4. f3 c6 5. Be3 d5 6. Bd3 Na6 7. a3 c5 8. cxd5 Qd7 9. Qe2 Nc7 10. dxe6 fxe6 11. dxc5 Rd8 12. Bc2 Ba6 13. Qf2 Qb5 14. Nc3 Qxb2 15. Ba4+ 1-0